00684nam a2200241 a 4500001001300000003000900013005001700022008004100039020000900080082001900089100002100108245001500129260003400144300000900178500003500187505001000222650002200232700002100254902000800275942000700283952013500290999001700425nice12345678IN_TiNIC20260116015219.0050524s1987 dela grp 000 0 eng  ac4500a297.1228bKHA1 aKhan, Wahiduddin aGod Arises aDelhibMaktaba Alhasnatc1987 a271p aincludes index and biblioraphy2 aIndex aQuran and Science1 aKhan, Wahiduddin bSRS cBK 001040708StackRoom-aHMIbHMId2007-08-03g45.00l1m1o297.1228 KHA1p11000119r2017-12-05s2017-10-16v45.00w2005-05-24yBK c18787d18787